El derecho a la privacidad en un nuevo entorno tecnológico

Shranjeno v:
Bibliografske podrobnosti
Korporativna značnica: Asociación de Letrados del Tribunal Constitucional (Author)
Format: Knjiga
Jezik:španščina
Izdano: Madrid Centro de Estudios Políticos y Constitucionales 2016
Izdaja:1a. ed
Serija:Cuadernos y Debates, 248
Teme:
Oznake: Označite
Brez oznak, prvi označite!

MARC

LEADER 00000cam a2200000 a 4500
001 UCC9052
003 CL-VaPUC
005 20220121074011.0
008 190904e20160000sp 1 spa d
999 |c 384978  |d 384976 
020 |a 9788425917035 
040 |c Pontificia Universidad Católica de Valparaíso 
082 0 4 |a 323.448 ASO 2016  |2 21 
110 2 |a Asociación de Letrados del Tribunal Constitucional  |e author  |9 622420 
245 1 3 |a El derecho a la privacidad en un nuevo entorno tecnológico 
250 |a 1a. ed 
260 |a Madrid  |b Centro de Estudios Políticos y Constitucionales  |c 2016 
300 |a 426 p 
490 0 |a Cuadernos y Debates, 248 
518 |p Jornadas de la Asociación de Letrados del Tribunal Constitucional, 20, Madrid, 2016 
546 |a En Español 
583 |a last modification  |c 20190904 15:40:00  |k Rodrigo Vera 
650 0 0 |a Derecho privado  |9 258243 
650 0 0 |a Derecho a la intimidad  |9 256183 
650 0 0 |a Protección de datos personales  |9 458929 
942 |c BK  |2 ddc 
945 |a dcastane  |d 20190904 15:40:00 
952 |0 0  |1 0  |2 ddc  |4 0  |6 323_448000000000000_ASO_2016  |7 0  |8 WP_COW  |9 561580  |a BIBDER  |b BIBDER  |d 2020-03-13  |i 5597536  |l 2  |o 323.448 ASO 2016  |p 5597536  |r 2023-08-03  |s 2023-07-04  |w 2020-03-13  |y BK  |k DER